| 000 | 00552nam a2200145Ia 4500 | ||
|---|---|---|---|
| 008 | 140724s9999 xx 000 0 und d | ||
| 050 |
_aHF 5549.9.R44 _b.L795 2009 |
||
| 100 | _aLo, Peter John L. | ||
| 245 |
_aEffectiveness of employees hired through walk-in recruitment and placement practice at selected institutions / _cPeter John L. Lo. |
||
| 260 |
_aLas PiƱas, Philippines : _bSouthville International School and Colleges, _cc2009. |
||
| 300 |
_a47 p. : _bill. ; _c28 cm. |
||
| 521 | _aHuman Resource Management | ||
| 942 | _cTH | ||
| 999 |
_c229196 _d229196 |
||